000 00354nam a2200145Ia 4500
008 240729s9999 xx 000 0 und d
022 _a2834-4405
245 0 _aMedicine Advances
260 _aAustralia
260 _bWiley
650 _aMedicine
856 _uhttps://doaj.org/toc/6f4fcc99708247caaa8d34a582bb9174
942 _2ddc
942 _cDOAJEJ
999 _c74539
_d74539
945 _a1
_bMadushi Gamage
_c1
_dMadushi Gamage